Decision intelligence for dummies / (Record no. 19449)
[ view plain ]
| 000 -LEADER | |
|---|---|
| fixed length control field | 00573nam a22002057a 4500 |
| 003 - CONTROL NUMBER IDENTIFIER | |
| control field | OSt |
| 008 - FIXED-LENGTH DATA ELEMENTS--GENERAL INFORMATION | |
| fixed length control field | 230420b2022 |||||||| |||| 00| 0 eng d |
| 020 ## - INTERNATIONAL STANDARD BOOK NUMBER | |
| International Standard Book Number | 9789357460507 |
| 082 ## - DEWEY DECIMAL CLASSIFICATION NUMBER | |
| Classification number | 658.403 |
| Item number | BAK-D |
| 100 ## - MAIN ENTRY--PERSONAL NAME | |
| Personal name | Baker, Pam |
| 245 ## - TITLE STATEMENT | |
| Title | Decision intelligence for dummies / |
| Statement of responsibility, etc | Pam Baker |
| 260 ## - PUBLICATION, DISTRIBUTION, ETC. (IMPRINT) | |
| Place of publication, distribution, etc | New Delhi : |
| Name of publisher, distributor, etc | Wiley, |
| Date of publication, distribution, etc | 2022. |
| 300 ## - PHYSICAL DESCRIPTION | |
| Extent / Pages | x, 306p. ; |
| 650 ## - SUBJECT ADDED ENTRY--TOPICAL TERM | |
| Topical term or geographic name as entry element | Decision making |
| 650 ## - SUBJECT ADDED ENTRY--TOPICAL TERM | |
| Topical term or geographic name as entry element | Problem solving |
| 650 ## - SUBJECT ADDED ENTRY--TOPICAL TERM | |
| Topical term or geographic name as entry element | Artificial intelligence |
| 650 ## - SUBJECT ADDED ENTRY--TOPICAL TERM | |
| Topical term or geographic name as entry element | Artificial intelligence-Data processing |
| 650 ## - SUBJECT ADDED ENTRY--TOPICAL TERM | |
| Topical term or geographic name as entry element | Electronic data processing |
| 942 ## - ADDED ENTRY ELEMENTS (KOHA) | |
| Source of classification or shelving scheme | |
| Koha item type | Books |
| Withdrawn status | Lost status | Source of classification or shelving scheme | Damaged status | Not for loan | Home library | Current library | Date acquired | Source of acquisition | Currency | Cost, normal purchase price | Full call number | Barcode | Date last seen | Copy number | Bill Date | Koha item type | Bill Number |
|---|---|---|---|---|---|---|---|---|---|---|---|---|---|---|---|---|---|
| SOBD Library | SOBD Library | 20/04/2023 | Vedi Books | INR | 899.00 | 658.403 BAK-D1 | 002529 | 20/04/2023 | 1 | 15/04/2023 | Reference Books | VEDI/23-24/04/09 | |||||
| SOBD Library | SOBD Library | 20/04/2023 | Vedi Books | INR | 899.00 | 658.403 BAK-D2 | 002530 | 20/04/2023 | 2 | 15/04/2023 | Books | VEDI/23-24/04/09 | |||||
| SOBD Library | SOBD Library | 20/04/2023 | Vedi Books | INR | 899.00 | 658.403 BAK-D3 | 002531 | 20/04/2023 | 3 | 15/04/2023 | Books | VEDI/23-24/04/09 | |||||
| SOBD Library | SOBD Library | 20/04/2023 | Vedi Books | INR | 899.00 | 658.403 BAK-D4 | 002532 | 20/04/2023 | 4 | 15/04/2023 | Books | VEDI/23-24/04/09 | |||||
| SOBD Library | SOBD Library | 20/04/2023 | Vedi Books | INR | 899.00 | 658.403 BAK-D5 | 002533 | 20/04/2023 | 5 | 15/04/2023 | Books | VEDI/23-24/04/09 | |||||
| SOBD Library | SOBD Library | 20/04/2023 | Vedi Books | INR | 899.00 | 658.403 BAK-D6 | 002534 | 20/04/2023 | 6 | 15/04/2023 | Books | VEDI/23-24/04/09 |